000 00689nam a2200181 i 4500
001 81893
003 ES-MaACL
005 20230906174531.0
007 t|
008 041108s1913 sp ||||1| spa d
110 0 _aInstituto General y Técnico de Vitoria.
_95069
245 1 0 _aInstituto General y Técnico de Vitoria
_b: memoria del curso del 1912 á 1913 leída en la apertura del curso de 1913 a 1914 /
_cpor Enrique Iglesias y Ejarque.
260 _aVitoria :
_b[s.n.],
_c1913 (
_fDomingo Sar)
300 _a83 p. ;
_c25 cm.
610 2 4 _aInstituto General y Técnico de Vitoria-
_vMemorias.
_9150702
700 0 _aIglesias y Ejarque, Enrique.
_965144
852 _aES-MaACL
_jT-1398-F-7
999 _c81893
_d81893